| 000 | 00631nam a2200181Ia 4500 | ||
|---|---|---|---|
| 008 | 151018s9999 xx 000 0 und d | ||
| 082 |
_bRBASDV36908 _a891.462 |
||
| 100 | _aपुंडलिक आंगवलकर | ||
| 245 | _aदैव किती अविचारी | ||
| 250 | _b1 | ||
| 260 |
_bनिंबकर आणि मं _c1985 |
||
| 300 | _a83 | ||
| 600 | _aपुंडलिक आंगवलकर | ||
| 630 | _aदैव किती अविचारी | ||
| 700 | _aपुंडलिक आंगवलकर | ||
| 730 | _aदैव किती अविचारी | ||
| 942 | _cBOOK | ||
| 999 |
_c1036355 _d1036352 |
||